Analýza možností usporiadania skladových veží na oceľové plechy
Salvato in:
| Autore principale: | |
|---|---|
| Altri autori: | |
| Natura: | Manoscritto Libro |
| Lingua: | slovacco |
| Pubblicazione: |
2016
|
| Soggetti: | |
| Accesso online: | http://is.stuba.sk/zp/portal_zp.pl?podrobnosti=133224 |
| Tags: |
Nessun Tag, puoi essere il primo ad aggiungerne!!
|
MARC
| LEADER | 00000ntm a22000003a 4500 | ||
|---|---|---|---|
| 001 | stuzp59041 | ||
| 003 | SK-STU | ||
| 005 | 20160719155739.7 | ||
| 007 | ta | ||
| 008 | 150427s2015----xo-----f-mn---000-0-slo-d | ||
| 040 | |a STU |b slo | ||
| 041 | 0 | |a slo | |
| 100 | 1 | |a Boroš, Peter |u 020070 |4 aut |U SjF Strojnícka fakulta |T SjF Ústav výrobných systémov, enviromentálnej techniky a manažment kvality |X 54834 |U J0070 |Y 804 |7 54834 | |
| 242 | 0 | 1 | |a Analysis of layout options for storage towers steel sheets |y eng |
| 245 | 1 | 0 | |a Analýza možností usporiadania skladových veží na oceľové plechy |
| 260 | |c 2016 | ||
| 650 | 4 | |a skladové veže |2 slo | |
| 650 | 4 | |a koncepcia |2 slo | |
| 650 | 4 | |a usporiadanie |2 slo | |
| 650 | 4 | |a rezacie stroje |2 slo | |
| 650 | 4 | |a automatizácia |2 slo | |
| 650 | 4 | |a arrangement |2 eng | |
| 650 | 4 | |a cutting machines |2 eng | |
| 650 | 4 | |a conception |2 eng | |
| 650 | 4 | |a automatization |2 eng | |
| 650 | 4 | |a stogare towers |2 eng | |
| 700 | 1 | |a Čačko, Viliam |u 020070 |k Z2 |4 ths |U SjF Strojnícka fakulta |T SjF Ústav výrobných systémov, enviromentálnej techniky a manažment kvality |X 14123 |U J0070 |Y 804 |7 A000014123 | |
| 856 | 4 | |u http://is.stuba.sk/zp/portal_zp.pl?podrobnosti=133224 | |
| 996 | |b 284J043962 |c J* 2252/BP |l JJSK |s A |a 24 |w stuzp59041_0001 | ||
| SQL | |a stuzp59041 |b DBP |c SLO |d Analýza možností usporiadania skladových veží na oceľové plechy |e 54834 |f Boroš, Peter |g 020070 |h 14123 |i Čačko, Viliam |j 20160614 |k 1127 |l 02 |m http://is.stuba.sk/zp/portal_zp.pl?podrobnosti=133224 |n B-EVT |o 5.2.50. výrobná technika | ||